[Event "Campeonato del Mundo por Equipos 2005"]
[Site "Beer Sheva ISR"]
[Date "2005.11.01"]
[Round "1.1"]
[White "Giorgadze, Giorgi"]
[Black "Gulko, Boris F"]
[Result "1/2-1/2"]
[WhiteElo "2601"]
[BlackElo "2577"]
[PlyCount "39"]
[EventDate "2005.11.01"]
[EventType "team"]
[EventRounds "8"]
[EventCountry "ISR"]
[Source "lmi"]
[SourceDate "2005.11.11"]
[WhiteTeam "Georgia"]
[BlackTeam "United States"]
[WhiteTeamCountry "GEO"]
[BlackTeamCountry "USA"]

1. d4 Nf6 2. c4 e6 3. Nc3 Bb4 4. Qc2 c5 5. dxc5 O-O 6. a3 Bxc5 7. Nf3 b6 8. Bf4
Nh5 9. Bg3 Bb7 10. e3 Be7 11. Be2 Nxg3 12. hxg3 h6 13. O-O d6 14. Rfd1 a6 15.
Nd2 Qc7 16. Bf3 Bxf3 17. gxf3 Nd7 18. f4 Rac8 19. Rac1 g6 20. Qb1 1/2-1/2

[Event "Campeonato del Mundo por Equipos 2005"]
[Site "Beer Sheva ISR"]
[Date "2005.11.01"]
[Round "1.1"]
[White "Mchedlishvili, Mikheil"]
[Black "Novikov, Igor A"]
[Result "1/2-1/2"]
[WhiteElo "2564"]
[BlackElo "2580"]
[PlyCount "81"]
[EventDate "2005.11.01"]
[EventType "team"]
[EventRounds "8"]
[EventCountry "ISR"]
[Source "lmi"]
[SourceDate "2005.11.11"]
[WhiteTeam "Georgia"]
[BlackTeam "United States"]
[WhiteTeamCountry "GEO"]
[BlackTeamCountry "USA"]

1. c4 e6 2. Nf3 d5 3. d4 Nf6 4. Qc2 c5 5. dxc5 Bxc5 6. cxd5 Qb6 7. e3 exd5 8.
Nc3 O-O 9. Be2 Nc6 10. O-O Be7 11. b3 Be6 12. Bb2 Rac8 13. Rad1 Rfd8 14. Qb1
Qa5 15. Ng5 h6 16. Nxe6 fxe6 17. Nb5 Ne4 18. Bd3 Bf6 19. Bxe4 Bxb2 20. Qxb2
Qxb5 21. Bb1 Qc5 22. Qe2 Rf8 23. f4 Rf6 24. Kh1 Rcf8 25. Qd3 Ne7 26. g3 Nf5 27.
e4 dxe4 28. Qxe4 Nd6 29. Qh7+ Kf7 30. Qd3 Qc6+ 31. Kg1 Qb6+ 32. Qd4 Qxd4+ 33.
Rxd4 Ke7 34. Rfd1 Rd8 35. Kg2 Rff8 36. Bd3 Nf5 37. Rxd8 Rxd8 38. Kf2 Rd7 39.
Ke2 Nd4+ 40. Ke3 Nf5+ 41. Ke2 1/2-1/2

[Event "Campeonato del Mundo por Equipos 2005"]
[Site "Beer Sheva ISR"]
[Date "2005.11.01"]
[Round "1.3"]
[White "Svidler, Peter"]
[Black "Bruzon, Lazaro"]
[Result "1-0"]
[WhiteElo "2740"]
[BlackElo "2677"]
[PlyCount "91"]
[EventDate "2005.11.01"]
[EventType "team"]
[EventRounds "8"]
[EventCountry "ISR"]
[Source "lmi"]
[SourceDate "2005.11.11"]
[WhiteTeam "Russia"]
[BlackTeam "Cuba"]
[WhiteTeamCountry "RUS"]
[BlackTeamCountry "CUB"]

1. e4 e5 2. Nf3 Nc6 3. Bb5 Nf6 4. O-O Nxe4 5. d4 Nd6 6. Bxc6 dxc6 7. dxe5 Nf5
8. Qxd8+ Kxd8 9. Nc3 Bd7 10. h3 h6 11. Bf4 Kc8 12. Rad1 b6 13. Ne4 c5 14. Rfe1
Be6 15. a3 Kb7 16. g4 Ne7 17. Bg3 Nc6 18. Nh2 g5 19. Nf6 Be7 20. Nh5 Rad8 21.
f4 gxf4 22. Nxf4 Bc4 23. Nf3 Bg5 24. Kf2 Nd4 25. h4 Bxf4 26. Bxf4 Be6 27. c3
Nxf3 28. Rxd8 Rxd8 29. Kxf3 Rh8 30. h5 Kc6 31. Bc1 Kb5 32. Kg3 Kc4 33. Kh4 Kd3
34. g5 Rg8 35. Bf4 a5 36. Re3+ Kc2 37. Rg3 hxg5+ 38. Bxg5 Re8 39. Rg2+ Kd3 40.
Bf6 Bf5 41. Rf2 Be4 42. Bg7 Re7 43. Kg5 Rd7 44. Kf6 b5 45. Bh6 Kc4 46. Rd2 1-0

[Event "Campeonato del Mundo por Equipos 2005"]
[Site "Beer Sheva ISR"]
[Date "2005.11.01"]
[Round "1.4"]
[White "Wang, Yu A"]
[Black "Bu, Xiangzhi"]
[Result "0-1"]
[WhiteElo "2396"]
[BlackElo "2637"]
[PlyCount "122"]
[EventDate "2005.11.01"]
[EventType "team"]
[EventRounds "8"]
[EventCountry "ISR"]
[Source "lmi"]
[SourceDate "2005.11.11"]
[WhiteTeam "CHW"]
[BlackTeam "CHM"]

1. e4 c5 2. Nc3 a6 3. g3 e6 4. Bg2 Nc6 5. Nge2 Nf6 6. d4 cxd4 7. Nxd4 Nxd4 8.
Qxd4 d6 9. O-O Qc7 10. Bg5 Be7 11. Rad1 O-O 12. Na4 b5 13. Nb6 Rb8 14. Nxc8
Rfxc8 15. c3 Rd8 16. Rfe1 Ng4 17. Bxe7 Qxe7 18. h3 Ne5 19. f4 Nc4 20. Qf2 Qc7
21. Rd3 h6 22. Kh2 Qc5 23. Qe2 Rd7 24. Red1 Rbd8 25. Bf3 Nb6 26. Qe3 Qxe3 27.
Rxe3 Nc4 28. Re2 Kf8 29. Kg2 Ke7 30. Kf2 g5 31. Rc2 Rc7 32. Be2 gxf4 33. gxf4
Nb6 34. Rcd2 Rc5 35. Rg1 Nd7 36. Rg7 Nf6 37. Bf3 Rb8 38. a3 a5 39. Rg1 e5 40.
Rgd1 Rb6 41. Ke3 Rc8 42. fxe5 dxe5 43. Bg4 Rg8 44. Bf5 Rbb8 45. Rd6 Rg3+ 46.
Ke2 Rg2+ 47. Kf3 Rbg8 48. Bg4 Rxb2 49. Ra6 Nxg4 50. hxg4 Rc8 51. Ra7+ Kf6 52.
Rd6+ Kg5 53. Rd3 Rb3 54. Rxf7 Rcxc3 55. Rf5+ Kg6 56. Rxc3 Rxc3+ 57. Ke2 Rc5 58.
Kd3 b4 59. axb4 axb4 60. Rf8 Kg5 61. Rb8 Rc3+ 0-1

[Event "Campeonato del Mundo por Equipos 2005"]
[Site "Beer Sheva ISR"]
[Date "2005.11.01"]
[Round "1.4"]
[White "Ni, Hua"]
[Black "Gong, Qianyun"]
[Result "1-0"]
[WhiteElo "2603"]
[BlackElo "2374"]
[PlyCount "47"]
[EventDate "2005.11.01"]
[EventType "team"]
[EventRounds "8"]
[EventCountry "ISR"]
[Source "lmi"]
[SourceDate "2005.11.11"]
[WhiteTeam "CHM"]
[BlackTeam "CHW"]

1. Nf3 f5 2. d4 Nf6 3. g3 g6 4. Bg2 Bg7 5. O-O O-O 6. b3 d6 7. Bb2 c6 8. c4 h6
9. Qc2 g5 10. Nc3 Qe8 11. e4 fxe4 12. Nxe4 Nbd7 13. Rae1 Qh5 14. Nxf6+ Bxf6 15.
Nd2 Rf7 16. f4 Nf8 17. Ne4 Bf5 18. Nxf6+ Rxf6 19. Qd2 Rf7 20. d5 c5 21. Qc3 Ng6
22. fxg5 Qxg5 23. h4 Qg4 24. Rf4 1-0

[Event "Campeonato del Mundo por Equipos 2005"]
[Site "Beer Sheva ISR"]
[Date "2005.11.01"]
[Round "1.4"]
[White "Liang, Chong"]
[Black "Hou, Yifan"]
[Result "1-0"]
[WhiteElo "2515"]
[BlackElo "2220"]
[PlyCount "109"]
[EventDate "2005.11.01"]
[EventType "team"]
[EventRounds "8"]
[EventCountry "ISR"]
[Source "lmi"]
[SourceDate "2005.11.11"]
[WhiteTeam "CHM"]
[BlackTeam "CHW"]

1. d4 Nf6 2. c4 e6 3. Nf3 Bb4+ 4. Nbd2 O-O 5. Qc2 d5 6. a3 Be7 7. e4 c5 8. e5
Nfd7 9. Bd3 h6 10. O-O Nc6 11. Re1 dxc4 12. Bxc4 cxd4 13. Qe4 f5 14. Bxe6+ Kh8
15. Qb1 Nc5 16. Bc4 Be6 17. b4 Bxc4 18. Nxc4 Ne6 19. Qa2 Qd5 20. b5 Ncd8 21.
Nd6 Qxa2 22. Rxa2 a6 23. b6 Nc6 24. Nxb7 Rab8 25. Rc2 Ncd8 26. Nxd8 Bxd8 27.
Rd1 Bxb6 28. Rc6 Nd8 29. Rc4 Ne6 30. Rc6 Nd8 31. Rd6 Nf7 32. Rd7 Rbe8 33. Rb7
Bc5 34. Rc7 Rc8 35. Rd7 Rc6 36. h4 Re6 37. Bf4 Kg8 38. Rd5 Bb6 39. a4 Rc8 40.
h5 Rc4 41. a5 Bc5 42. g3 Rc2 43. Nxd4 Bxd4 44. R1xd4 Ng5 45. Kg2 Ne4 46. Be3
Kh7 47. Rb4 Re8 48. Rb7 Kh8 49. Ra7 Rec8 50. e6 R2c6 51. e7 Nd6 52. Bf4 Ne8 53.
Rxf5 Re6 54. Rf8+ Kh7 55. Rd7 1-0

[Event "Campeonato del Mundo por Equipos 2005"]
[Site "Beer Sheva ISR"]
[Date "2005.11.02"]
[Round "2.1"]
[White "Huang, Qian"]
[Black "Dominguez, Lenier"]
[Result "1/2-1/2"]
[WhiteElo "2398"]
[BlackElo "2635"]
[PlyCount "84"]
[EventDate "2005.11.01"]
[EventType "team"]
[EventRounds "8"]
[EventCountry "ISR"]
[Source "lmi"]
[SourceDate "2005.11.11"]
[WhiteTeam "CHW"]
[BlackTeam "Cuba"]
[BlackTeamCountry "CUB"]

1. d4 d5 2. Nf3 Nf6 3. c4 dxc4 4. e3 e6 5. Bxc4 a6 6. O-O c5 7. Qe2 b5 8. Bd3
cxd4 9. exd4 Be7 10. Nbd2 O-O 11. a4 bxa4 12. Rxa4 Nc6 13. Ne4 Bb7 14. Bd2 Qb6
15. Nxf6+ Bxf6 16. Bc3 Rfd8 17. Be4 Be7 18. Ne5 Nxe5 19. dxe5 Qb5 20. Qc2 Bxe4
21. Qxe4 Qb3 22. g3 Rd5 23. Kg2 a5 24. Rfa1 g6 25. Rxa5 Raxa5 26. Rxa5 Rxa5 27.
Bxa5 Qxb2 28. Qe3 Qb7+ 29. Kg1 Qb1+ 30. Kg2 Qb5 31. Bb6 Qc6+ 32. Kg1 h5 33. h4
Kf8 34. Bd4 Qd5 35. Qc3 Qe4 36. Be3 Kg7 37. Qd4 Qxd4 38. Bxd4 g5 39. hxg5 Bxg5
40. Kg2 Kg6 41. f4 Be7 42. Kf3 Kf5 1/2-1/2

[Event "Campeonato del Mundo por Equipos 2005"]
[Site "Beer Sheva ISR"]
[Date "2005.11.02"]
[Round "2.1"]
[White "Delgado, Neuris"]
[Black "Wang, Yu A"]
[Result "1/2-1/2"]
[WhiteElo "2551"]
[BlackElo "2396"]
[PlyCount "120"]
[EventDate "2005.11.01"]
[EventType "team"]
[EventRounds "8"]
[EventCountry "ISR"]
[Source "lmi"]
[SourceDate "2005.11.11"]
[WhiteTeam "Cuba"]
[BlackTeam "CHW"]
[WhiteTeamCountry "CUB"]

1. d4 d5 2. Bg5 h6 3. Bh4 c6 4. Nf3 Qb6 5. b3 Bf5 6. e3 e6 7. Bd3 Bxd3 8. Qxd3
Be7 9. Bxe7 Nxe7 10. O-O O-O 11. c4 c5 12. Nc3 cxd4 13. exd4 Nbc6 14. c5 Qd8
15. a3 Ng6 16. b4 Nf4 17. Qe3 Qf6 18. g3 Nh3+ 19. Kg2 Ng5 20. Ne5 Nxe5 21. dxe5
Qd8 22. Rad1 f5 23. exf6 Qxf6 24. f4 Nf7 25. Nb5 Rae8 26. Rde1 Qd8 27. Qd4 a6
28. Nc3 h5 29. f5 exf5 30. Rxe8 Qxe8 31. Rxf5 Qe1 32. Rf1 Qe5 33. Qxe5 Nxe5 34.
Nxd5 Rxf1 35. Kxf1 Kf7 36. Ke2 g5 37. Ne3 Ke6 38. h3 Kd7 39. Kd2 Nf3+ 40. Kd3
Ke6 41. Nc4 Ng1 42. h4 gxh4 43. gxh4 Nf3 44. Ke4 Nxh4 45. Na5 Nf5 46. Nxb7 h4
47. Nd8+ Kd7 48. Nf7 h3 49. Ne5+ Kc7 50. Ng4 Ng3+ 51. Kf3 Nf1 52. Kf2 Nd2 53.
Ne5 Ne4+ 54. Kg1 a5 55. Kh2 axb4 56. axb4 Nc3 57. Kxh3 Nd5 58. b5 Nf4+ 59. Kg4
Ne6 60. Nd3 Nxc5 1/2-1/2

[Event "Campeonato del Mundo por Equipos 2005"]
[Site "Beer Sheva ISR"]
[Date "2005.11.02"]
[Round "2.1"]
[White "Hou, Yifan"]
[Black "Arencibia, Walter"]
[Result "0-1"]
[WhiteElo "2220"]
[BlackElo "2510"]
[PlyCount "66"]
[EventDate "2005.11.01"]
[EventType "team"]
[EventRounds "8"]
[EventCountry "ISR"]
[Source "lmi"]
[SourceDate "2005.11.11"]
[WhiteTeam "CHW"]
[BlackTeam "Cuba"]
[BlackTeamCountry "CUB"]

1. e4 c5 2. Nf3 e6 3. d4 cxd4 4. Nxd4 a6 5. Bd3 Bc5 6. Nb3 Ba7 7. O-O Ne7 8. c4
d6 9. Nc3 O-O 10. Qe2 Nbc6 11. Be3 e5 12. Nd5 a5 13. a4 Bxe3 14. fxe3 Nxd5 15.
exd5 Nb4 16. Bf5 Qb6 17. Nc1 Bxf5 18. Rxf5 Rac8 19. b3 e4 20. Qd2 Na6 21. Ra3
Nc5 22. Ne2 Qb4 23. Qxb4 axb4 24. Ra2 Nxb3 25. Rb2 Na5 26. Rxb4 Rxc4 27. Rb6
Rxa4 28. Rxd6 Nc4 29. Rd7 Nxe3 30. Rg5 h6 31. Rg3 Ra1+ 32. Kf2 Nd1+ 33. Ke1 e3
0-1

[Event "Campeonato del Mundo por Equipos 2005"]
[Site "Beer Sheva ISR"]
[Date "2005.11.02"]
[Round "2.2"]
[White "Grischuk, Alexander"]
[Black "Smirin, Ilia"]
[Result "0-1"]
[WhiteElo "2720"]
[BlackElo "2673"]
[PlyCount "62"]
[EventDate "2005.11.01"]
[EventType "team"]
[EventRounds "8"]
[EventCountry "ISR"]
[Source "lmi"]
[SourceDate "2005.11.11"]
[WhiteTeam "Russia"]
[BlackTeam "Israel"]
[WhiteTeamCountry "RUS"]
[BlackTeamCountry "ISR"]

1. d4 Nf6 2. c4 g6 3. Nc3 Bg7 4. e4 d6 5. f3 O-O 6. Nge2 Nbd7 7. Bg5 c5 8. d5
h6 9. Be3 h5 10. Nc1 Nh7 11. Be2 Ne5 12. O-O f5 13. Qd2 fxe4 14. Nxe4 Bf5 15.
Nf2 Qb6 16. a4 Rac8 17. a5 Qd8 18. Na2 e6 19. Nc3 exd5 20. cxd5 Nf6 21. h3 Re8
22. a6 Rb8 23. Nb5 Qe7 24. Bf4 bxa6 25. Rxa6 Nxf3+ 26. Bxf3 Rxb5 27. Bxd6 Qb7
28. Rc6 Rxb2 29. Qf4 Rb1 30. Rxc5 Rd1 31. Re1 Qa6 0-1

[Event "Campeonato del Mundo por Equipos 2005"]
[Site "Beer Sheva ISR"]
[Date "2005.11.02"]
[Round "2.2"]
[White "Rublevsky, Sergei"]
[Black "Erenburg, Sergey"]
[Result "1/2-1/2"]
[WhiteElo "2652"]
[BlackElo "2582"]
[PlyCount "51"]
[EventDate "2005.11.01"]
[EventType "team"]
[EventRounds "8"]
[EventCountry "ISR"]
[Source "lmi"]
[SourceDate "2005.11.11"]
[WhiteTeam "Russia"]
[BlackTeam "Israel"]
[WhiteTeamCountry "RUS"]
[BlackTeamCountry "ISR"]

1. e4 c6 2. d4 d5 3. e5 Bf5 4. Nd2 e6 5. Nb3 c5 6. dxc5 Bxc5 7. Nxc5 Qa5+ 8. c3
Qxc5 9. Nf3 Ne7 10. Qa4+ Nbc6 11. Be3 Qa5 12. Qxa5 Nxa5 13. Nd4 a6 14. Nxf5
Nxf5 15. Bf4 Ne7 16. O-O-O Rc8 17. h4 h5 18. Rh3 Nc4 19. b3 Ng6 20. bxc4 Nxf4
21. Rf3 Ng6 22. cxd5 Nxe5 23. Rg3 Ng4 24. dxe6 fxe6 25. Be2 O-O 26. Bxg4
1/2-1/2

[Event "Campeonato del Mundo por Equipos 2005"]
[Site "Beer Sheva ISR"]
[Date "2005.11.02"]
[Round "2.3"]
[White "Mchedlishvili, Mikheil"]
[Black "Asrian, Karen"]
[Result "1/2-1/2"]
[WhiteElo "2564"]
[BlackElo "2645"]
[PlyCount "55"]
[EventDate "2005.11.01"]
[EventType "team"]
[EventRounds "8"]
[EventCountry "ISR"]
[Source "lmi"]
[SourceDate "2005.11.11"]
[WhiteTeam "Georgia"]
[BlackTeam "Armenia"]
[WhiteTeamCountry "GEO"]
[BlackTeamCountry "ARM"]

1. d4 d5 2. c4 e6 3. Nf3 Nf6 4. Bg5 h6 5. Bxf6 Qxf6 6. e3 Nd7 7. Bd3 dxc4 8.
Bxc4 Qd8 9. O-O Be7 10. Nc3 O-O 11. Rc1 a6 12. Bd3 c5 13. Bb1 cxd4 14. Nxd4 Nf6
15. Qb3 Qa5 16. Ne4 Nxe4 17. Bxe4 Qb4 18. Rfd1 Qxb3 19. Nxb3 Rd8 20. Na5 Rb8
21. a3 Kf8 22. b4 Ke8 23. g3 Rxd1+ 24. Rxd1 Bd8 25. Nc4 Bc7 26. Nd6+ Bxd6 27.
Rxd6 Ke7 28. Rd3 1/2-1/2

[Event "Campeonato del Mundo por Equipos 2005"]
[Site "Beer Sheva ISR"]
[Date "2005.11.02"]
[Round "2.3"]
[White "Anastasian, Ashot"]
[Black "Gagunashvili, Merab"]
[Result "1-0"]
[WhiteElo "2596"]
[BlackElo "2542"]
[PlyCount "87"]
[EventDate "2005.11.01"]
[EventType "team"]
[EventRounds "8"]
[EventCountry "ISR"]
[Source "lmi"]
[SourceDate "2005.11.11"]
[WhiteTeam "Armenia"]
[BlackTeam "Georgia"]
[WhiteTeamCountry "ARM"]
[BlackTeamCountry "GEO"]

1. d4 d5 2. c4 c6 3. Nc3 Nf6 4. Nf3 dxc4 5. a4 Bf5 6. Ne5 Nbd7 7. Nxc4 Qc7 8.
Bg5 e5 9. e3 Be7 10. Bd3 Be6 11. O-O O-O 12. Bh4 exd4 13. Bg3 Qd8 14. exd4 Bxc4
15. Bxc4 Nb6 16. Bb3 a5 17. Re1 Qd7 18. Qf3 Nbd5 19. Be5 Rfe8 20. h3 Bf8 21. g4
Nxc3 22. bxc3 Nd5 23. c4 Nb4 24. c5 Nd5 25. g5 Re6 26. Bg3 Rae8 27. Rxe6 Qxe6
28. Bxd5 cxd5 29. Rb1 Re7 30. h4 Rd7 31. Rb6 Qe4 32. Qc3 h6 33. c6 bxc6 34. Rb8
hxg5 35. hxg5 Qe7 36. Qxa5 Qxg5 37. Qa8 Qe7 38. Re8 Qb4 39. Kg2 f5 40. Qxc6 Rf7
41. Qxd5 Qxa4 42. Rxf8+ Kxf8 43. Qd8+ Qe8 44. Bd6+ 1-0

[Event "Campeonato del Mundo por Equipos 2005"]
[Site "Beer Sheva ISR"]
[Date "2005.11.02"]
[Round "2.4"]
[White "Ibragimov, Ildar"]
[Black "Eljanov, Pavel"]
[Result "1-0"]
[WhiteElo "2617"]
[BlackElo "2663"]
[PlyCount "113"]
[EventDate "2005.11.01"]
[EventType "team"]
[EventRounds "8"]
[EventCountry "ISR"]
[Source "lmi"]
[SourceDate "2005.11.11"]
[WhiteTeam "United States"]
[BlackTeam "Ukraine"]
[WhiteTeamCountry "USA"]
[BlackTeamCountry "UKR"]

1. d4 Nf6 2. Nf3 e6 3. c4 b6 4. g3 Ba6 5. Nbd2 Bb4 6. Qc2 Bb7 7. Bg2 Be4 8. Qb3
Bxd2+ 9. Bxd2 O-O 10. O-O d6 11. Rfd1 Nbd7 12. Qe3 a5 13. Bh3 Re8 14. Rac1 Bb7
15. Be1 Qe7 16. Nd2 c5 17. Nb1 d5 18. cxd5 Nxd5 19. Qd2 Rad8 20. Bg2 e5 21.
dxe5 Nxe5 22. Nc3 Nxc3 23. Qxc3 Bxg2 24. Kxg2 Nc6 25. Rxd8 Qxd8 26. e3 Nb4 27.
Qb3 Nd3 28. Rd1 c4 29. Qb5 Qa8+ 30. Kg1 Qe4 31. Bc3 Re6 32. b3 h6 33. Qxc4 Qxc4
34. bxc4 Ne5 35. c5 bxc5 36. Rd5 Nf3+ 37. Kg2 Ng5 38. Rxc5 Ne4 39. Rc8+ Kh7 40.
Bd4 Rd6 41. Kf3 Ng5+ 42. Ke2 Ne6 43. Bc3 Ra6 44. f4 f5 45. Kd3 a4 46. Kc4 g5
47. Kb5 Rd6 48. Rc6 Rd3 49. Be5 Nf8 50. h4 gxh4 51. gxh4 Rxe3 52. h5 Re4 53.
Rc8 a3 54. Rxf8 Rb4+ 55. Kc6 Rb6+ 56. Kd5 Rb5+ 57. Ke6 1-0

[Event "Campeonato del Mundo por Equipos 2005"]
[Site "Beer Sheva ISR"]
[Date "2005.11.03"]
[Round "3.1"]
[White "Volokitin, Andrei"]
[Black "Akopian, Vladimir"]
[Result "1/2-1/2"]
[WhiteElo "2666"]
[BlackElo "2707"]
[PlyCount "169"]
[EventDate "2005.11.01"]
[EventType "team"]
[EventRounds "8"]
[EventCountry "ISR"]
[Source "lmi"]
[SourceDate "2005.11.11"]
[WhiteTeam "Ukraine"]
[BlackTeam "Armenia"]
[WhiteTeamCountry "UKR"]
[BlackTeamCountry "ARM"]

1. e4 e6 2. d4 d5 3. Nc3 dxe4 4. Nxe4 Nd7 5. Nf3 Ngf6 6. Nxf6+ Nxf6 7. Bd3 c5
8. Be3 Qc7 9. O-O c4 10. Be2 Bd6 11. Ne5 O-O 12. h3 c3 13. bxc3 Nd5 14. Qd3
Qxc3 15. Qxc3 Nxc3 16. Bf3 Rd8 17. a4 Rb8 18. a5 a6 19. Nc4 Bc7 20. Nb6 Bd6 21.
Rfe1 h6 22. Bc1 Bc7 23. Bb2 Nd5 24. Nxc8 Rdxc8 25. c4 Nb4 26. Re2 b5 27. axb6
Bxb6 28. c5 Bc7 29. Bc3 a5 30. g3 Rd8 31. Rb2 Rd7 32. Rab1 Rbd8 33. Bxb4 axb4
34. Rxb4 Rxd4 35. Rb7 Be5 36. Re1 Bf6 37. Rc1 Be5 38. c6 Rc8 39. Re1 Bd6 40.
Ra1 Rc4 41. Rd7 Bc5 42. Ra2 g6 43. Rb2 Kg7 44. Kf1 Rb4 45. Rc2 Bd4 46. Be2 Rb1+
47. Kg2 Rb2 48. Rxb2 Bxb2 49. Bb5 Bc3 50. Kf3 Ba5 51. Ke4 Rc7 52. Rd3 Kf6 53.
Kd4 Bb6+ 54. Kc4 Ra7 55. Ba6 Ke7 56. Kb5 Bd8 57. Bb7 Ra5+ 58. Kb4 Ra2 59. Rd7+
Ke8 60. c7 Bxc7 61. Rxc7 Rxf2 62. Kc5 Rd2 63. Bc6+ Kf8 64. Rd7 Rh2 65. h4 g5
66. hxg5 hxg5 67. Rd3 Ke7 68. Kd4 f5 69. Rf3 Kf6 70. Bb5 e5+ 71. Kd5 e4 72. Rc3
Rd2+ 73. Kc4 f4 74. gxf4 gxf4 75. Rh3 f3 76. Kc3 Rd1 77. Rh8 Kg5 78. Rf8 Kg4
79. Ba6 e3 80. Bb7 Rf1 81. Bxf3+ Kg3 82. Kd3 Rxf3 83. Rh8 Kf2 84. Rh2+ Kf1 85.
Re2 1/2-1/2

[Event "Campeonato del Mundo por Equipos 2005"]
[Site "Beer Sheva ISR"]
[Date "2005.11.03"]
[Round "3.1"]
[White "Asrian, Karen"]
[Black "Moiseenko, Alexander"]
[Result "1/2-1/2"]
[WhiteElo "2645"]
[BlackElo "2663"]
[PlyCount "82"]
[EventDate "2005.11.01"]
[EventType "team"]
[EventRounds "8"]
[EventCountry "ISR"]
[Source "lmi"]
[SourceDate "2005.11.11"]
[WhiteTeam "Armenia"]
[BlackTeam "Ukraine"]
[WhiteTeamCountry "ARM"]
[BlackTeamCountry "UKR"]

1. e4 c5 2. Nf3 Nc6 3. d4 cxd4 4. Nxd4 Nf6 5. Nc3 e5 6. Ndb5 d6 7. Bg5 a6 8.
Na3 b5 9. Bxf6 gxf6 10. Nd5 f5 11. g3 fxe4 12. Bg2 Be6 13. Bxe4 Bg7 14. Qh5 Rc8
15. Rd1 Ne7 16. c3 Rc5 17. Nb4 Qb6 18. Qg5 Kf8 19. Qe3 f5 20. Bg2 e4 21. Nac2
a5 22. Nd4 Bc4 23. Nbc2 Kf7 24. Nb3 Bxb3 25. axb3 b4 26. c4 Bxb2 27. O-O Rb8
28. Qf4 Ng6 29. Qxd6 Qxd6 30. Rxd6 a4 31. bxa4 Rxc4 32. Ne3 Rc5 33. Rb1 Bc3 34.
Bh3 Ne7 35. Bf1 Rbc8 36. Bb5 R8c7 37. Kg2 Kg7 38. Kf1 Be5 39. Rdd1 Bc3 40. Rd6
Be5 41. Rdd1 Bc3 1/2-1/2

[Event "Campeonato del Mundo por Equipos 2005"]
[Site "Beer Sheva ISR"]
[Date "2005.11.03"]
[Round "3.2"]
[White "Svidler, Peter"]
[Black "Azmaiparashvili, Zurab"]
[Result "1-0"]
[WhiteElo "2740"]
[BlackElo "2658"]
[PlyCount "119"]
[EventDate "2005.11.01"]
[EventType "team"]
[EventRounds "8"]
[EventCountry "ISR"]
[Source "lmi"]
[SourceDate "2005.11.11"]
[WhiteTeam "Russia"]
[BlackTeam "Georgia"]
[WhiteTeamCountry "RUS"]
[BlackTeamCountry "GEO"]

1. e4 c6 2. d4 d5 3. e5 Bf5 4. Nf3 e6 5. Be2 Ne7 6. Nbd2 c5 7. dxc5 Nec6 8. Nb3
Bxc5 9. Nxc5 Qa5+ 10. c3 Qxc5 11. Qb3 Qe7 12. Bg5 Qc7 13. Nd4 Nxd4 14. cxd4 Nc6
15. Rc1 O-O 16. Be3 Qa5+ 17. Rc3 Qb4 18. O-O Rac8 19. Rfc1 Qxb3 20. axb3 Rb8
21. Rc5 h6 22. f3 Rfd8 23. Kf2 Kf8 24. g4 Bg6 25. h4 h5 26. Bg5 Rdc8 27. Ke3
Ke8 28. b4 Kd7 29. b5 Nb4 30. Kd2 Rxc5 31. Rxc5 a6 32. b6 Nc6 33. Kc3 Rf8 34.
b4 f6 35. exf6 gxf6 36. Bf4 hxg4 37. fxg4 e5 38. Rxd5+ Ke6 39. Rc5 Nxd4 40.
Bc4+ Kd6 41. Be3 Nb5+ 42. Kb2 Be4 43. h5 Bf3 44. h6 Be4 45. Ba2 Rh8 46. Rc1 Ke7
47. Re1 Bf3 48. Bc5+ Nd6 49. g5 fxg5 50. Rxe5+ Kd7 51. Re6 Nf5 52. Rf6 Rxh6 53.
Rf7+ Kd8 54. Rxf5 Rh2+ 55. Kc1 Be4 56. Rf8+ Kd7 57. Bb3 Kc6 58. Ba4+ Kd5 59.
Rd8+ Ke6 60. Re8+ 1-0

[Event "Campeonato del Mundo por Equipos 2005"]
[Site "Beer Sheva ISR"]
[Date "2005.11.03"]
[Round "3.3"]
[White "Zhao, Xue"]
[Black "Smirin, Ilia"]
[Result "0-1"]
[WhiteElo "2478"]
[BlackElo "2673"]
[PlyCount "110"]
[EventDate "2005.11.01"]
[EventType "team"]
[EventRounds "8"]
[EventCountry "ISR"]
[Source "lmi"]
[SourceDate "2005.11.11"]
[WhiteTeam "CHW"]
[BlackTeam "Israel"]
[BlackTeamCountry "ISR"]

1. d4 Nf6 2. c4 d6 3. Nf3 g6 4. Nc3 Bg7 5. e4 O-O 6. Be2 e5 7. Be3 Nbd7 8. O-O
c6 9. d5 c5 10. a3 Ng4 11. Bd2 Kh8 12. b4 Qe7 13. Rb1 b6 14. Qc1 Ba6 15. Qc2
Rfc8 16. b5 Bb7 17. a4 Rf8 18. g3 Nh6 19. Nh4 Ng8 20. a5 Qd8 21. Ra1 Bh6 22.
Bd3 Bxd2 23. Qxd2 Bc8 24. Nd1 a6 25. Ne3 axb5 26. cxb5 bxa5 27. Ra4 c4 28. Nxc4
Nc5 29. Ra3 Nf6 30. Re1 Bd7 31. Bc2 Bxb5 32. Nxa5 Qc7 33. Ng2 Rfc8 34. Qb4 Rab8
35. Qd2 Ra8 36. Qb4 Bd7 37. Bb1 Rab8 38. Qd2 Rb5 39. f3 Ra8 40. Nc4 Rxa3 41.
Nxa3 Rb3 42. Re3 Qb6 43. Bc2 Ncxe4 44. Qc1 Rxe3 45. Qxe3 Nc5 46. Nc4 Qa6 47.
Qg5 Nxd5 48. Nce3 Qa1+ 49. Bd1 Qd4 50. Qh6 Kg8 51. Be2 Nc3 52. Bf1 Bc6 53. Nh4
Nd1 54. Nhf5 gxf5 55. Qg5+ Kf8 0-1

[Event "Campeonato del Mundo por Equipos 2005"]
[Site "Beer Sheva ISR"]
[Date "2005.11.03"]
[Round "3.3"]
[White "Avrukh, Boris"]
[Black "Huang, Qian"]
[Result "1-0"]
[WhiteElo "2652"]
[BlackElo "2398"]
[PlyCount "35"]
[EventDate "2005.11.01"]
[EventType "team"]
[EventRounds "8"]
[EventCountry "ISR"]
[Source "lmi"]
[SourceDate "2005.11.11"]
[WhiteTeam "Israel"]
[BlackTeam "CHW"]
[WhiteTeamCountry "ISR"]

1. d4 Nf6 2. c4 g6 3. Nc3 Bg7 4. e4 d6 5. Nf3 O-O 6. Be2 e5 7. O-O Na6 8. Be3
Ng4 9. Bg5 Qe8 10. Re1 f6 11. Bd2 Nh6 12. c5 Nf7 13. Bxa6 bxa6 14. Nd5 exd4 15.
Nxc7 Qc6 16. Nd5 Kh8 17. Nxd4 Qxc5 18. Bb4 1-0

[Event "Campeonato del Mundo por Equipos 2005"]
[Site "Beer Sheva ISR"]
[Date "2005.11.04"]
[Round "4.1"]
[White "Gelfand, Boris"]
[Black "Bu, Xiangzhi"]
[Result "1-0"]
[WhiteElo "2717"]
[BlackElo "2637"]
[PlyCount "107"]
[EventDate "2005.11.01"]
[EventType "team"]
[EventRounds "8"]
[EventCountry "ISR"]
[Source "lmi"]
[SourceDate "2005.11.11"]
[WhiteTeam "Israel"]
[BlackTeam "CHM"]
[WhiteTeamCountry "ISR"]

1. d4 d5 2. c4 c6 3. Nc3 Nf6 4. Nf3 dxc4 5. a4 Bf5 6. Ne5 Nbd7 7. Nxc4 Nb6 8.
Ne5 a5 9. Bg5 h6 10. Bh4 Nbd5 11. Qb3 Qb6 12. Qxb6 Nxb6 13. f3 Nfd7 14. Nxd7
Nxd7 15. e4 Bg6 16. d5 e5 17. O-O-O Bc5 18. Bc4 f6 19. Kb1 Nb6 20. Bb3 Bf7 21.
Rd3 O-O 22. Rhd1 Rab8 23. Be1 Rfc8 24. Ka2 Bb4 25. Bf2 Nd7 26. dxc6 Bxb3+ 27.
Kxb3 bxc6 28. Rxd7 Bc5+ 29. Kc2 Bxf2 30. Ne2 h5 31. R1d3 h4 32. Rb3 Rxb3 33.
Kxb3 h3 34. gxh3 f5 35. exf5 Rb8+ 36. Kc2 Rb4 37. Ng3 Rc4+ 38. Kd3 Rf4 39. Ke2
Bxg3 40. hxg3 Rxa4 41. Rb7 Ra1 42. h4 Rh1 43. Ra7 Rh3 44. Kf2 Rh2+ 45. Ke3 Rh3
46. g4 Rxh4 47. Rxa5 Rh2 48. Rxe5 Rxb2 49. Re8+ Kf7 50. Rc8 Rc2 51. Kf4 Kf6 52.
g5+ Ke7 53. g6 Rc4+ 54. Kg5 1-0